Hindi English Dictionary (Record no. 3270)

MARC details
000 -LEADER
fixed length control field 00383nam a22001697a 4500
005 - DATE AND TIME OF LATEST TRANSACTION
control field 20210831121050.0
008 - FIXED-LENGTH DATA ELEMENTS--GENERAL INFORMATION
fixed length control field 160620b xxu||||| |||| 00| 0 eng d
020 ## - INTERNATIONAL STANDARD BOOK NUMBER
ISBN 0-19-563846
041 ## - LANGUAGE CODE
Language code of text/sound track or separate title eng
082 ## - DEWEY DECIMAL CLASSIFICATION NUMBER
Item number 8522
100 ## - MAIN ENTRY--AUTHOR NAME
Personal name McGregor , R.S
245 ## - TITLE STATEMENT
Title Hindi English Dictionary
260 ## - PUBLICATION, DISTRIBUTION, ETC. (IMPRINT)
Name of publisher oxford
Year of publication 2009
300 ## - PHYSICAL DESCRIPTION
Number of Pages 1083
650 ## - SUBJECT ADDED ENTRY--TOPICAL TERM
Topical Term Management
942 ## - ADDED ENTRY ELEMENTS (KOHA)
Koha item type Books
Holdings
Lost status Damaged status Collection code Home library Current library Shelving location Date acquired Cost, normal purchase price Full call number Accession Number Koha item type
    LIFE SKILL JRU Library JRU Library SHELF-103-D 20/06/2016 375.00 8522 8522 Books
Lost   Reference JRU Library   SHELF-60-D 20/06/2016 375.00 8522 8523 Books
    LIFE SKILL JRU Library JRU Library SHELF-103-D 20/06/2016 375.00 8522 8524 Books
    Reference JRU Library JRU Library SHELF-103-D 20/06/2016 375.00 8522 8525 Books
    LIFE SKILL JRU Library JRU Library SHELF-103-D 20/06/2016 375.00 8522 8526 Books
    LIFE SKILL JRU Library JRU Library SHELF-103-D 20/06/2016 375.00 8522 8527 Books
    LIFE SKILL JRU Library JRU Library SHELF-103-D 20/06/2016 375.00 8522 8528 Books
      JRU Library   SHELF-32-C 20/06/2016 375.00 8522 8529 Books